Les outils qualitatifs en géographie : Méthodes et applications (notice n° 2117858)
[ vue normale ]
| 000 -LEADER | |
|---|---|
| fixed length control field | 01347cam a2200157 4500500 |
| 005 - DATE AND TIME OF LATEST TRANSACTION | |
| control field | 20260405015743.0 |
| 041 ## - LANGUAGE CODE | |
| Language code of text/sound track or separate title | fre |
| 042 ## - AUTHENTICATION CODE | |
| Authentication code | dc |
| 100 10 - MAIN ENTRY--PERSONAL NAME | |
| Personal name | Morange, Marianne |
| Relator term | author |
| 245 00 - TITLE STATEMENT | |
| Title | Les outils qualitatifs en géographie : Méthodes et applications |
| 260 ## - PUBLICATION, DISTRIBUTION, ETC. | |
| Name of publisher, distributor, etc. | Armand Colin,<br/> |
| Date of publication, distribution, etc. | 2016.<br/> |
| 520 ## - SUMMARY, ETC. | |
| Summary, etc. | Cet ouvrage décrit l’ensemble des méthodes et outils nécessaires pour mener à bien une enquête qualitative en géographie : quelle posture adopter sur le terrain ? Quelles techniques retenir ? Quel type d’observation choisir ? Comment mener une enquête et conduire un entretien ? Comment interpréter les données collectées et rédiger un compte-rendu ? Assorti de très nombreux exemples, issus de travaux récents, d’illustrations concrètes et d’exercices d’application en fin de chapitre, ce manuel constitue un véritable guide pratique à l’attention de tout apprenti chercheur, chargé d’étude ou enquêteur qui s’intéresse à la compréhension des faits sociaux-spatiaux. Les corrigés et des exercices complémentaires sont disponibles sur la rubrique ressources numériques. |
| 700 10 - ADDED ENTRY--PERSONAL NAME | |
| Personal name | Schmoll, Camille |
| Relator term | author |
| 700 10 - ADDED ENTRY--PERSONAL NAME | |
| Personal name | Toureille, Étienne |
| Relator term | author |
| 856 41 - ELECTRONIC LOCATION AND ACCESS | |
| Uniform Resource Identifier | <a href="https://shs.cairn.info/les-outils-qualitatifs-en-geographie--9782200601164?lang=fr&redirect-ssocas=7080">https://shs.cairn.info/les-outils-qualitatifs-en-geographie--9782200601164?lang=fr&redirect-ssocas=7080</a> |
Pas d'exemplaire disponible.




Réseaux sociaux